K 5. výročiu vzniku Ústavu ďalšieho vzdelávania ekonómov a manažérov pri Ekonomickej univerzite v Bratislave

Zriadenie a päťročný vývoj Ústavu ďalšieho vzdelávania ekonómov a manažérov pri Ekonomickej univerzite v Bratislave. Ústav pôsobí ako pedagogicko-vedecké pracovisko pre ďalšie vzdelávanie a preškoľovanie vedúcich pracovníkov, manažérov. Klub ekonómov - udržuje kontakty so svojimi absolventmi, partne...

Descripción completa

Guardado en:
Detalles Bibliográficos
Autor principal: Porvazník, Ján
Formato: Capítulo de libro
Lenguaje:eslovaco
Materias:
Etiquetas: Agregar Etiqueta
Sin Etiquetas, Sea el primero en etiquetar este registro!

MARC

LEADER 00000naa a2200000 4500
001 r019229
005 20221205101519.0
041 0 |a slo 
044 |a SK 
245 1 0 |a K 5. výročiu vzniku Ústavu ďalšieho vzdelávania ekonómov a manažérov pri Ekonomickej univerzite v Bratislave  |c Ján Porvazník 
520 |a Zriadenie a päťročný vývoj Ústavu ďalšieho vzdelávania ekonómov a manažérov pri Ekonomickej univerzite v Bratislave. Ústav pôsobí ako pedagogicko-vedecké pracovisko pre ďalšie vzdelávanie a preškoľovanie vedúcich pracovníkov, manažérov. Klub ekonómov - udržuje kontakty so svojimi absolventmi, partnermi, inštitúciami a občanmi. Štúdium v rámci MBA programov. 
610 2 0 |a Ekonomická univerzita v Bratislave 
610 2 0 |a školy vysoké 
610 2 0 |a vzdelávanie 
610 2 0 |a kurzy 
610 2 0 |a rekvalifikácia 
610 2 0 |a manažéri 
610 2 0 |a ekonómovia 
100 1 |a Porvazník, Ján